=LDR 00000nam 2200000 4500 =001 INLIS000000000022071 =005 20130612120851 =008 ***********************************Ind** =035 ##$$0010-061300000022071 =041 ##$$a Ind =082 ##$$a 2x5,4 =090 ##$$a 2x5,4, Bah d3 =100 ##$$a HUSAEIN BAHREISJ =245 ##$$a Do'a kita =260 ##$$a 1994 $b Surabaya =300 ##$$a 234 hlm, 12 cm =650 ##$$a Agama dan kepercayaan =850 ##$$a NBPNMAT